| 000 | 00393nam a22001217a 4500 | ||
|---|---|---|---|
| 082 | _a200 THE | ||
| 100 |
_aLaeeq-ur-Rehman _934398 |
||
| 245 | _aTH-SOF-1114-Design & Development of Expert System Based Framework for Servo Actuator Mechanism | ||
| 260 |
_aIslamabad _bNUST College of EME _c2015 |
||
| 650 | _aMS-MECH-68 MSTHESIS | ||
| 700 | _aSupervison Dr. Hasan Aftab Saeed | ||
| 942 | _cCF | ||
| 999 |
_c577222 _d577222 |
||